000 00193 a2200097 4500
020 _a9780545498517
041 _aspa
100 _aRemkiewicz, Frank
245 _aGus hace un regalo
942 _cBK
999 _c30105
_d30103